Teaching standard III pupils a moral education unit using social studies content /
محفوظ في:
| المؤلف الرئيسي: | |
|---|---|
| التنسيق: | أطروحة كتاب |
| اللغة: | English |
| منشور في: |
1985.
|
| الموضوعات: | |
| الوسوم: |
إضافة وسم
لا توجد وسوم, كن أول من يضع وسما على هذه التسجيلة!
|
| LEADER | 01305cam a2200325 4500 | ||
|---|---|---|---|
| 001 | u47382 | ||
| 003 | SIRSI | ||
| 008 | 851126s1985 my mt 000 1 eng m | ||
| 035 | |a AAF-1030 | ||
| 040 | |a UMM | ||
| 043 | |a a-my--- | ||
| 050 | 0 | |a LC315.M4 | |
| 090 | |a LC315 |b M4Cha | ||
| 091 | |a Microfiche 9373 | ||
| 100 | 1 | 0 | |a Chang, Lee Hoon. |
| 245 | 1 | 0 | |a Teaching standard III pupils a moral education unit using social studies content / |c Chang Lee Hoon. |
| 260 | |c 1985. | ||
| 300 | |a iv, 183 leaves : |b ill. ; |c 28 cm. | ||
| 500 | |a Photocopy. | ||
| 500 | |a Also available on microfiche. Kuala Lumpur : Perpustakaan Universiti Malaya, 1985. 4 microfiches : negative ; 11 x 15 cm. | ||
| 502 | |a Dissertation (M.Ed.) -- Fakulti Pendidikan, Universiti Malaya, 1985. | ||
| 504 | |a Bibliography: leaves 178-183. | ||
| 650 | 0 | |a Moral education (Elementary) |x Study and teaching |z Malaysia. | |
| 650 | 0 | |a Social sciences |x Study and teaching (Elementary) |z Malaysia. | |
| 650 | 0 | |a Curriculum planning |z Malaysia. | |
| 710 | 2 | 0 | |a Universiti Malaya. |b Fakulti Pendidikan. |
| 948 | |a 16/03/1991 |b 30/07/2002 | ||
| 596 | |a 1 8 | ||
| 999 | |a LC315 M4CHA |w LC |c 1 |i A002701133 |d 6/5/2016 |e 6/5/2016 |l STACKS |m P01UTAMA |n 19 |r Y |s Y |t TESIS |u 21/1/1992 | ||
| 999 | |a LC315 M4CHA |w LC |c 1 |i A506718181 |l STACKS |m P08PENDIDI |r Y |s Y |t TESIS |u 28/6/2001 | ||
